100 Biggest Cities of the Louisiana Purchase with a Map - Modern-Day - Statistics

General Stats
  • This quiz has been taken 398 times
    162 since last reset
  • The average score is 45 of 100
Answers on the Map
Answers color-coded by a green-red scale on the quiz's map according to % correct below.
 
Answer Stats
Population State Cities % Correct
362,701 LA New Orleans
96%
729,019 CO Denver
94%
712,919 OK Oklahoma City
94%
516,032 MO Kansas City
93%
156,752 KS Kansas City
93%
428,579 MN Minneapolis
92%
279,695 MO St. Louis
92%
204,774 AR Little Rock
91%
213,096 IA Des Moines
89%
493,554 CO Colorado Springs
87%
300,619 NE Lincoln
85%
489,265 NE Omaha
85%
209,289 SD Sioux Falls
85%
415,154 OK Tulsa
85%
400,991 KS Wichita
85%
77,772 ND Bismarck
83%
65,704 WY Cheyenne
83%
125,467 KS Topeka
81%
121,483 MT Billings
79%
203,729 TX Amarillo
78%
176,578 LA Shreveport
75%
403,130 CO Aurora
74%
106,803 CO Boulder
73%
86,875 IA Sioux City
66%
170,596 MO Springfield
66%
58,823 WY Casper
65%
137,904 IA Cedar Rapids
65%
100,938 IA Davenport
65%
103,134 AR Fayetteville
65%
57,894 MT Bozeman
60%
76,710 IA Iowa City
60%
123,624 MN Rochester
60%
170,924 CO Fort Collins
56%
202,893 KS Overland Park
56%
79,894 SD Rapid City
56%
111,166 CO Pueblo
55%
102,372 TX Wichita Falls
55%
131,010 OK Norman
53%
122,756 OK Broken Arrow
51%
58,987 IA Dubuque
48%
130,900 MO Columbia
47%
90,507 AR Fort Smith
47%
121,629 MO Independence
45%
97,271 KS Lawrence
44%
60,013 MT Great Falls
43%
71,098 MO St. Joseph
41%
61,791 AR Bentonville
40%
72,145 MN St. Cloud
40%
114,363 CO Greeley
39%
53,605 MO Joplin
39%
54,700 KS Manhattan
39%
149,035 KS Olathe
39%
69,026 IA Ames
36%
64,498 AR North Little Rock
36%
53,250 NE Grand Island
35%
62,665 IA Council Bluffs
34%
121,873 CO Arvada
33%
88,344 MN Bloomington
31%
82,384 AR Jonesboro
31%
156,868 CO Lakewood
31%
146,689 CO Thornton
31%
67,477 IA Waterloo
31%
72,458 MO St. Charles
30%
64,777 NE Bellevue
28%
63,218 LA Bossier City
28%
106,419 MO Lee's Summit
28%
108,853 CO Centennial
27%
115,302 CO Westminster
27%
90,027 OK Lawton
26%
73,664 IA West Des Moines
26%
70,711 AR Conway
24%
99,040 OK Edmond
23%
95,355 MO O'Fallon
23%
81,102 CO Loveland
22%
89,368 AR Springdale
22%
76,727 IA Ankeny
21%
99,818 CO Longmont
20%
75,639 AR Rogers
20%
82,893 MN Brooklyn Park
19%
51,290 MO Florissant
19%
64,650 LA Kenner
19%
78,323 CO Broomfield
18%
62,905 MN Eden Prairie
18%
52,651 MN Minnetonka
18%
83,213 CO Castle Rock
17%
59,427 KS Lenexa
17%
55,272 MN Apple Valley
15%
61,246 MO Blue Springs
15%
70,245 CO Commerce City
15%
67,240 MN Eagan
15%
63,845 OK Moore
15%
78,551 MN Plymouth
15%
69,724 KS Shawnee
15%
53,564 MN Edina
14%
72,739 MN Maple Grove
14%
58,505 OK Midwest City
14%
65,473 CO Parker
14%
61,398 MO St. Peters
14%
64,864 MN Burnsville
10%
77,971 MN Lakeville
10%
No matching quizzes found
Score Distribution
Percent of People with Each Score
Percentile by Number Answered
Your Score History
You have not taken this quiz since the last reset